000 00570cam a2200217 4500
001 3125307
005 20180116032600.0
008 690408s1969 ohua b 001 0 eng
010 _a 69012806
020 _a067509576X
040 _aDLC
_cDLC
_dDLC
041 _aeng
080 _a658 LON
082 0 0 _a658 LON
100 1 _a53
101 _aMEN
245 1 0 _aPrinciples of management and organizational behavior
_c[by] Justin G. Longenecker.
504 _aIncludes bibliographies.
906 _a7
_bcbc
_corignew
_du
_encip
_f19
_gy-gencatlg
942 _2ddc
_cBK
999 _c40327
_d40327